• 首页
  • 本馆介绍
  • 公告通知
  • 最新文献
  • 馆藏检索
  • 电子资源
  • 读者导购
  • 参考咨询
  • 我的图书馆
  • 登录
  • 详细信息显示
  • 放入我的书架
  • 预约/预借图书
  • 作者相关作品
  • 分类相关作品
  • 丛书相关作品
  • 出版社相关作品

书目信息

  • 表格格式
  • 工作单格式
  • 卡片格式
题名:
数学归纳法
    
 
作者: 蒋文蔚 , 杨延龄 编
分册:  
出版信息: 北京   北京师范大学出版社  1985
页数: 188页
开本: 19cm
丛书名:
单 册:
中图分类: O141 , G633.6
科图分类:
主题词: 数学法归纳 , 教育--各级
电子资源:
ISBN:
000 00715nam0 2200277 45
001 0185010577
005 20040629171645.4
010    @dCNY0.80
091    @a7243.273
100    @a19900829d1985 emky0chiy0121 ea
101 0  @achi
102    @aCN@b110000
105    @ay z 000yy
106    @ar
200 10 @a数学归纳法@Ashu xue gui na fa@f蒋文蔚, 杨延龄编
210    @a北京@c北京师范大学出版社@d1985
215    @a188页@d19cm
606    @a数学法归纳
606 0  @a教育@x各级
690    @aO141@v3
690    @aG633.6@v3
701  0 @a蒋文蔚@Ajiang wen wei@4编
701  0 @a杨延龄@Ayang yan ling@4编
801  0 @aCN@b深圳图书馆@c20040427
801  2 @aCN@bNLC@c20040427
905    @dG633.6@e94@f1@b140741
    
    数学归纳法/蒋文蔚, 杨延龄编.-北京:北京师范大学出版社,1985
    188页;19cm
    
    
    ISBN :CNY0.80
    
●
相关链接 在E读中查询图书 在五车中查询图书 在当当中查询图书 在豆瓣中查询图书


正题名:数学归纳法     索取号:G633.6/94         预约/预借

序号 登录号 条形码 馆藏地/架位号 状态 备注
1 0140739   000243588   第一样本阅览室/ [索取号:G633.6/94] 在馆    
2 0140740   000243579   密集书库/ [索取号:G633.6/94] 在馆    
3 0140741   001936365   密集书库/ [索取号:G633.6/94] 在馆    
唐山师范学院图书馆 欢迎您!
大连网信软件有限公司© 版权所有